Sports Quiz

Random Sports or Hockey Quiz

Soviet Hockey Greats (Slideshow) Quiz Stats

Quiz not verified by Sporcle

Challenge
Share
Tweet
Score 0/30 Timer 12:00
0 Plays Today
% Correct
Vladislav Tretyak
88.7%
Pavel Bure
87.2%
Sergei Fyodorov
83.5%
Igor Larionov
77.4%
Vyacheslav Fetisov
72.2%
Alexander Mogilny
68.4%
Vladimir Konstantinov
65.4%
Sergei Makarov
59.4%
Viktor Tikhonov
54.1%
Vladimir Krutov
42.9%
Valery Kharlamov
37.6%
Boris Mikhailov
33.8%
Alexei Kasatonov
30.1%
Anatoly Tarasov
25.6%
Vladimir Petrov
20.3%
% Correct
Vsevolod Bobrov
18%
Helmuts Balderis
18%
Alexander Maltsev
13.5%
Vyacheslav Bykov
13.5%
Alexander Yakushev
11.3%
Vladimir Myshkin
11.3%
Alexander Ragulin
10.5%
Viktor Konovalenko
9%
Anatoly Firsov
7.5%
Valery Vasilyev
5.3%
Vyacheslav Starshinov
3.8%
Nikolai Sologubov
3%
Yevgeny Babich
1.5%
Arkady Chernyshyov
0.8%
Nikolai Puchkov
0.8%

You're not logged in!

Compare scores with friends on all Sporcle quizzes.
Sign Up with Email
OR
Log In

You Might Also Like...

Show Comments

Extras

Top Quizzes Today


Score Distribution

Your Account Isn't Verified!

In order to create a playlist on Sporcle, you need to verify the email address you used during registration. Go to your Sporcle Settings to finish the process.